000 00299 a2200145 4500
001 194756
040 _cMagnum
100 _aHeck, Lenira Almeida
240 1 0 _aA borboleta azul
_lpor
245 1 0 _aA borboleta azul
300 _a28
362 0 _a2006
697 _aLITERATURA GERAL
942 _cBK
999 _c194756
_d194756